00384 2200145 4500245005900000020002200059100001800081700001800099650001300117005001900130260002900149041001400178084000800192300003800200 aNabi Tak Pernah Mengajarkan MalascZaka Putra R.hText a978-6025-254-92-5 aZaka Putra R. aHusna Widyani aMotivasi a20250915105701 aKlatenbJendela Penerbit aIndonesia a200 aviii + 216 hlm. :c135 mm* 200 mm